Österreich nach Buchstabe - E - Statistiken

Allgemein
  • Dieses Quiz wurde 63 mal gespielt
  • Das Durchschnittsergebnis liegt bei 11 aus 20
Antwortstatistiken
Hinweis Antwort % Korrekt
Österreichisch für Kartoffel Erdapfel
98%
Symbolische Alpenblume, die u.a. auf der Zwei-Cent-Münze abgebildet ist Edelweiß
95%
Kaiserin 1854-1898 Elisabeth
93%
Symbolische Alpenblume, aus deren Wurzel Schnaps hergestellt wird Enzian
86%
Erfolgreiche Musikgruppe ("Ba-Ba-Banküberfall") EAV
84%
Östlichste Landeshauptstadt Eisenstadt
77%
Längster, vollständig in Österreich gelegener Fluss Enns
72%
Berühmtes Schloss in Eisenstadt Esterházy
70%
Flugzeuge, deren Beschaffung 2002 eine Schmiergeldaffäre auslöste Eurofighter
63%
Umsatzstärkstes Unternehmen 2024 (Bank) Erste Group
60%
Hier wird seit Jahrhunderten Eisen abgebaut und seit 1995 ein Rodeo ausgetragen Erzberg
58%
Schwarzer Kaffee mit Schlagobers Einspänner
56%
Tatort-Kommissar, gespielt von Harald Krassnitzer Eisner
30%
Staatsform 1453-1804 (innerhalb des Heiligen Römischen Reiches) Erzherzogtum
28%
Berühmte Schriftstellerin des 19. Jahrhunderts Ebner-Eschenbach
26%
Eine der älteste Städte, die auch im Nibelungenlied erwähnt wird, und Sitz des größten Sauergemüseherstellers in Österreich Eferding
26%
Berühmtes Schloss in Graz Eggenberg
26%
Höhlensystem im Tennengebirge, beliebtes Ausflugsziel Eisriesenwelt
26%
Fluss, Gemeinde und See in Niederösterreich Erlauf
23%
Höchster Berg der Gurktaler Alpen & Nockberge Eisenhut
14%
Keine übereinstimmenden Quizze gefunden
Verteilung der Resultate
Anzahl Personen mit jedem Resultat
Perzentil nach korrekt beantworteten Fragen
Ihre Resultats-Entwicklung
Sie haben dieses Quiz noch nicht gespielt